| 000 | 00587nam a22002417a 4500 | ||
|---|---|---|---|
| 005 | 20260421154635.0 | ||
| 008 | 171218b2017 xxu||||| |||| 00| 0 spa d | ||
| 020 | _a9789587627138 | ||
| 041 | _aESP | ||
| 082 | _a303.372 C417e | ||
| 100 |
_aCerro, Sebastián _956977 |
||
| 100 |
_aManú, José Manuel _956978 |
||
| 245 | _aEducar en valores y actitudes | ||
| 260 | _aColombia | ||
| 260 | _bEdiciones de la U | ||
| 260 | _c2017 | ||
| 300 | _a124 páginas | ||
| 650 | _aEDUCACIÓN | ||
| 650 | _aPEDAGOGÍA | ||
| 650 | _aVALORES | ||
| 650 | _aPERSONALIDAD | ||
| 942 |
_cBK _2ddc |
||
| 999 |
_c12507 _d12507 |
||